000 00415nam a2200157 i 4500
001 72142
003 ES-MaACL
005 20230906171332.0
007 t|
008 040826s1912 xxu ||||1| eng d
100 1 _aGiles, Herbert A.
_956929
245 1 0 _aChina and the Manchus /
_cHerbert A. Giles.
260 _aCambridge :
_bUniversity Press,
_c1912.
300 _a148 p. ;
_c16 cm.
852 _aES-MaACL
_jD-3272
999 _c72142
_d72142